| 000 | 00000nam##2200000za#4500 |
| 001 | 9.567772 |
| 003 | CaOODSP |
| 005 | 20210624180935 |
| 007 | cr ||||||||||| |
| 008 | 150406|1999||||xxc|||||o f|0| 0 eng|d |
| 040 | |aCaOODSP|beng |
| 043 | |an-cn--- |
| 086 | 1 |aBT31-2/2000-III-58E-PDF |
| 110 | 1 |aCanada. |bTreasury Board. |
| 245 | 10|aPrivy Council Office, 1999–2000 estimates, report on plans and priorities |h[electronic resource] |
| 260 | |bTreasury Board of Canada Secretariat |c[1999]. |
| 300 | |a32p.|borganization charts, tables |
| 490 | 1 |a1999-2000 estimates. Part III, Report on plans and priorities |v1999-2000 |
| 590 | |a10-13-Supp|b2010-11-23 |
| 775 | 08|tBureau du Conseil privé, budget des dépenses pour 1999-2000, rapport sur les plans et les priorités |w(CaOODSP)9.599096 |
| 776 | 0#|tPrivy Council Office |w(CaOODSP)9.531666 |
| 776 | 0#|tBureau du Conseil privé |w(CaOODSP)9.531667 |
| 830 | #0|a1999-2000 estimates. Part III, Report on plans and priorities ;|v1999-2000|w(CaOODSP)9.505715 |
| 856 | 40|ahttp://publications.gc.ca|qPDF|s181 KB|uhttps://publications.gc.ca/collections/Collection/BT31-2-2000-III-58E.pdf|y1999-2000 |